000 00451nam a22001937a 4500
003 MPLRDC
005 20220104143803.0
008 210129b ||||| |||| 00| 0 eng d
020 _a957-08-2042-X
082 _a719.85 ZFN
100 _a周芬娜
245 _a带著舌头去旅行
_c
250 _a初版
260 _a
_b联经
_c2000
300 _b
490 _a好好玩系列. 10
650 _a世界游记
942 _cBK
_o719.85 ZFN
999 _c43334
_d43324